| 000 | 00641nam a2200193 a 4500 | ||
|---|---|---|---|
| 001 | 000023294 | ||
| 005 | 20200930022123.0 | ||
| 008 | 101201s2004 ag a r 000 | spa d | ||
| 020 | _a9879350138 | ||
| 040 |
_aDO-SdBNP _bspa _cBNPHU |
||
| 082 |
_axxx _bC336f |
||
| 245 | 1 | 3 |
_aEl futuro bibliotecario : _bhacia una renovación del ideal humanista en la tarea bibliotecaria / _cRoberto Casazza. |
| 260 |
_aBuenos Aires : _bBiblioteca Nacional, _c2004. |
||
| 300 |
_a99 p. : _ail. ; _c20 cm. |
||
| 440 | 0 |
_aEnsayos y Debates, _v1 _927400 |
|
| 500 | _aIncluye noatas al pie de pƔginas | ||
| 830 | 0 |
_aEnsayos y Debates, _v1 _927400 |
|
| 049 | _aBNGR | ||
| 999 |
_c22791 _d22791 |
||